00928nam a2200277 i 4500001000300000100001500003245009200018246005700110260006500167300002600232490003500258500006100293651003300354651002100387655002200408830003500430020001500465040000800480041001100488080001800499920001800517942000700535008004100542999001700583952005000600bg1 aJUDT, Tony10aWielkie złudzenie ? :besej o Europie /cTony Judt ; przekł. [z ang.] Renata Włodek. iTyt. oryg.:aA grand illusion ? : an essay on Europe aWarszawa ;aKraków :bWydaw. Naukowe PWN. Oddział,c1998. a[6], 107 s. ;c21 cm.1 aZmieniająca Się Europa '89 aOryg. : "A grand illusion ? : an essay on Europe". 1996. 9aEuropaxgospodarkaxpolityka 9aEuropaxpolityka aSzkice literackie aZmieniająca Się Europa '89 a830112430X cBPK1 aplhen a338.22:32](4) a83-01-12430-X cKS s pl f |000 0 pol  c34274d34274 00104071aBPKbBPKcmho46978p01380507yKS